00644nam a2200205Ia 450000500170000000800410001702000100005804000190006804100120008708200160009910000240011524500700013926000480020930000150025765000190027285000100029194200070030199900160030895201140032420221112121352.0131103s9999 xx 000 0 und d cRs.25 aLoreto College aEnglish a954.63bDER aMadge,Elliot Walter aHenry Derozio the Eurasian post and reformercElliot Walter Madge aCalcuttabNaya Prokashc1982 (2nd ed. 1967) axiv,86 p.  aModern History aLCLIB cBK c9667d60146 00102ddc4070aMAINbMAINd2013-11-04l1o954.63 DER 27751pB9545r2017-11-29s2017-11-29w2013-11-04yBKf